000 00340 a2200157 4500
001 57357
020 _a8508099304
040 _cAnchieta - Pituba
100 _aSilveira, Maria José
240 1 0 _aCabeça de garota
_lpor
245 1 0 _aCabeça de garota
300 _a159
362 0 _a2005
650 4 _aLiteratura juvenil
942 _cBK
999 _c57357
_d57357